Biblioteca

Aftermath ; (Registro nro. 66668)

Detalles MARC
000 -LÍDER
Campo fijo de descripción fija 03389nam a2200361 i 4500
001 - NÚMERO DE CONTROL
Campo de control 768714001
003 - IDENTIFICADOR DEL NÚMERO DE CONTROL
Campo de control CO-MdFUSB
005 - FECHA Y HORA DE LA ULTIMA TRANSACCIÓN
control field 20230411112601.0
007 - CAMPO FIJO DE DESCRIPCIÓN FIJA--INFORMACIÓN GENERAL
Campo fijo de descripción fija ta
008 - ELEMENTOS DE LONGITUD FIJA -- INFORMACIÓN GENERAL
Campo fijo de descripción fija -- Información general 780506s1936 enk 000 0 eng
010 ## - NÚMERO DE CONTROL DE LA BIBLIOTECA DEL CONGRESO
Número de control LC 37002300
020 ## - NÚMERO INTERNACIONAL NORMALIZADO PARA LIBROS
Número Internacional Normalizado del libro [No incluye ISBN]
040 ## - FUENTE DE CATALOGACIÓN
Agencia de catalogación original DLC
Agencia que realiza la transcripción CO-MdFUSB
Agencia que realiza la modificación OCL
-- OCoLC
-- UtOrBLW
Idioma de catalogación spa
Convenciones de la descripción rda
041 ## - CÓDIGO DE IDIOMA
Código de idioma para texto/pista de sonido o título separado spa
082 ## - NÚMERO DE CLASIFICACIÓN DECIMAL DEWEY
Número de la edición del Dewey 23
Número de clasificación 201.3019
Clave de autor-Numero de item F848
100 1# - ASIENTO PRINCIPAL--NOMBRE PERSONAL
Nombre personal Frazer, James George,
Títulos u otras palabras asociadas al nombre Sir,
Fechas asociadas con el nombre 1854-1941.
Término relacionador autor
245 10 - TÍTULO
Título del Material Aftermath ;
Parte restante del título - Subtitulo a supplement to the golden bough
Mención de responsabilidad, etc. / Sir James George Frazer
264 #1 - PRODUCCIÓN, PUBLICACIÓN, DISTRIBUCIÓN, MANUFACTURA, Y COPYRIGHT
Lugar de producción, publicación, distribución, manufactura London :
Nombre del productor, publicador, distribuidor Macmillan and Co. Limited,
Fecha de producción, publicación, distribución, manufactura, o copyright [1936]
264 #4 - PRODUCCIÓN, PUBLICACIÓN, DISTRIBUCIÓN, MANUFACTURA, Y COPYRIGHT
Fecha de producción, publicación, distribución, manufactura, o copyright © 1936
300 ## - DESCRIPCIÓN FÍSICA
Extensión 494 páginas ;
Dimensiones 23 cm.
336 ## - TIPO DE CONTENIDO
Término de tipo de contenido texto
Código de tipo de contenido txt
Fuente rdacontent.
337 ## - TIPO DE MEDIO
Nombre del tipo de medio sin mediación
Código del tipo de medio n
Fuente rdamedia.
338 ## - TIPO DE SOPORTE
Nombre del tipo de soporte volumen
Código Tipo de soporte nc
Fuente rdacarrier.
505 ## - NOTA DE CONTENIDO
Nota de contenido con formato preestablecido Magia - El control mágico del clima - Los magos como reyes - Dioses humanos encarnados - Los reyes departamentales de la naturaleza - El culto a los árboles - Las reliquias del culto a los árboles en Europa - La influencia de los sexos en la vegetación - -<br/>El matrimonio sagrado - El fuego del rey - El simulacro de incendio - El padre Jove y la Madre Vesta - El origen de los incendios perpetuos - La sucesión del reino en el antiguo Lacio - San Jorge y la parilia - El roble - Dianus y Diana - Tabúes reales y sacerdotales - Los peligros del alma - Actos tabú - Personas tabú - Cosas tabú - Palabras tabú - La matanza del rey divino - La esposa del hada - Reyes temporales - Sacrificio del hijo del rey - Matar al espíritu del árbol - Balancearse como un rito mágico - El mito de Adonis - Consagración por unción - Reencarnación de los muertos - Religión volcánica - Los jardines de Adonis -<br/>El ritual de Attis - Attis como el dios padre - En la caza de cabezas - Las lágrimas de Isis - La estrella de Isis - Fiestas de todas las almas - Madre-pariente y diosa madre - Matrimonio de hermanos con hermanas - Hijos de padres vivos en ritual - Víctimas ciegas en sacrificio - Hombres vestidos de mujeres - Niños en abanicos de aventar - Significado mágico de los juegos en la agricultura primitiva - El papel de las mujeres en la agricultura primitiva - Personificación del espíritu del maíz en la cosecha - Sacrificios humanos por las cosechas - El espíritu del maíz como animal - Las Pléyades en la agricultura primitiva - Una forma primitiva de purificación - Las manías en Aricia - Los intentos de engañar a los demonios - El sacrificio de las primicias - La magia homeopática de una carne dieta - La propiciación de los animales salvajes por los cazadores - La transmigración de las almas humanas en animales - La transferencia del mal - La omnipresencia de los demonios - La expulsión pública de los males - Chivos expiatorios públicos - Las Satunalia y festivales afines - No tocar la tierra - No ver el sol - El aislamiento de las niñas en la pubertad - Las fiestas del fuego de Europa - Hombres lobo - La caminata del fuego - Las flores mágicas de la víspera del solsticio de verano - El alma externa en los cuentos populares - El alma externa en las costumbres populares - El ritual de la muerte y la resurrección - El muérdago.
563 ## - NOTA DE ENCUADERNACIÓN
Nota de encuadernación Tapa dura
650 #7 - ASIENTO SECUNDARIO DE MATERIA - TERMINO TEMÁTICO
Término temático o nombre geográfico como elemento de entrada Religión
9 (RLIN) 385
653 ## - TÉRMINO DE INDIZACIÓN - NO CONTROLADO
Término no controlado Mitología
653 ## - TÉRMINO DE INDIZACIÓN - NO CONTROLADO
Término no controlado Magia
653 ## - TÉRMINO DE INDIZACIÓN - NO CONTROLADO
Término no controlado Superstición
942 ## - TIPO DE MATERIAL (KOHA)
Tipo de Item KOHA Libros General
945 ## - INFORMACIÓN LOCAL DEL REGISTRO
Catalogador JTF-925
Existencias
Estado de Material Estado de Perdido Forma de Clasificación Estado de Dañado No para Préstamo Colección Biblioteca de Origen Biblioteca Permanente Fecha de Adquisición Área Total de Préstamos Signatura Topográfica Código de Barras Última vez visto Ejemplar/Existencia Fecha de Remplazo Tipo de Material
    Dewey Decimal Classification     Colección General Biblioteca FUSBC Biblioteca FUSBC 16/03/2021 BIBLIA   G 201.3019 F848a 7510 16/03/2021 Ej. 1 16/03/2021 Libros General

Biblioteca FUSBC | Teléfono: (57+4) 349 88 10 Ext. 141| WhatsApp (+57) 3005338115 
E-mail: biblioteca@unisbc.edu.co | Calle 76 87-14 Robledo Palenque, Medellín, Colombia

Con tecnología Koha